عرض عادي عرض مارك
  • Hanna, D. C.

مدخل إسم شخص

عدد التسجيلات المستخدمة في: 2

001 - رقم الضبط

  • حقل الضبط: 18281

003 - معرف رقم الضبط

  • حقل الضبط: OSt

005 - تاريخ ووقت أخر عملية

  • حقل الضبط: 20121223201731.0

008 - عناصر بيانات ثابتة الطول

  • حقل تحكم ثابت الطول: 121223|||a|||||| | ||| d

040 ## - مصدر الفهرسة

  • هيئة الفهرسة الأصلية: OSt
  • وكالة الكتابة: OSt

100 ## - مدخل -- أسم شخص

  • إسم شخص: Hanna, D. C.
  • الشكل الكامل للاسم: (David C.),
  • تواريخ مرتبطة بالاسم: 1941-

670 ## - بيانات المصدر موجوده

  • الاستشهاد بالمصدر: Work cat.: (OSt)0: Svelto, Orazio. 18280, Principles of lasers /, 2009.